000 02103nam a2200313 i 4500
001 768714001
003 CO-MdFUSB
005 20210414170111.0
007 ta
008 200520t2010 mx o|||| |||| 00| 0 spa d
020 _a978607310140
040 _aCO-MdFUSB
_bspa
_cCO-MdFUSB
_dCO-MdFUSBC
_erda
041 _aspa
082 _223
_a823.914
_bF667
100 _aFollett, Ken
_d1949
_eautor
240 _aFall of gigants
245 3 _aLa caída de los gigantes
_c/ Ken Follett
250 _aPrimera edición
264 1 _aMéxico :
_bRandom House Mondadori,
_c[2010]
264 4 _c©2010
300 _c1017 páginas ;
_a23 cm
336 _2rdacontent
_atexto
_btxt
337 _2rdamedia
_asin mediación
_bn
338 _2rdacarrier
_avolumen
_bnc
520 3 _aUna gran novela que narra las vidas de cinco familias: una americana, una galesa, una inglesa, una alemana y una rusa, con el trasfondo de la Primera Guerra Mundial, la Revolución Rusa y los profundos cambios sociales que estas conllevaron. La historia empieza en 1911, el día de la coronación del rey Jorge V en la abadía de Westminster. El destino de los Williams, una familia minera de Gales, está unido por el amor y la enemistad al de los Fitzherbert, aristócratas y propietarios de las minas. Lady Maud Fitzherbert se enamorará de Walter von Ulrich, un joven espía en la embajada alemana en Londres. Sus vidas se entrelazarán con la de un asesor progresista del presidente de Estados Unidos, Woodrow Wilson, y la de dos hermanos rusos a los que la guerra y la revolución les ha arrebatado su sueño de buscar fortuna en América. Desde Washington hasta San Petesburgo, desde la inmundicia y los peligros de las minas de carbón hasta los candelabros lujosos de los palacios de la aristocracia, pasando por los pasillos de la Casa Blanca y el parlamento de Westminster, Ken Follet nos ofrece, en su novela más ambiciosa, un esmerado retrato de una época y de las pasiones que espolearon la vida de sus personajes.
650 7 _2embne
_92265
_aLiteratura hispanoamericana
942 _cBK
945 _aDani
999 _c65888
_d65888